000 01076nam a2200289 a 4500
999 _c377174
_d377174
003 BLK
005 20241025005440.0
008 200727b bul|||||r ||||||| ||bul||
010 _aKNG00063051RET
040 _aBLK
041 _aBUL
_cBUL
080 _aБългарска литература
_b821.163.2
_x-32
_z821.163.2-32
100 _aЙовков, Йордан Стефанов
_d1880-1937
_gПисател класик - белетрист, драматург, майстор на късия разказ
_eпърви автор
_9363298
139 _aЙовков, Йордан Стефанов
245 1 0 _aСтаропланински легенди
_bРазкази
_cЙордан Йовков.
257 _aBGR
260 _aСофия
_bБълг. писател
_c1958
300 _a151 с.
_c18 см
380 _aX
500 _a50 000 тир. 3,10 лв.
852 _aЦб І 2450
856 4 _qpdf
_u
_i0.00
_ldisable
856 4 _qpdf
_u
_i0.00
_ldisable
942 _cKNG
_n0
_s1
944 _aCR
_k
_c2020-07-28
_lCRON CRON
999 _d394841